[Event "ISR-ch"]
[Site "Ramat Aviv/Modiin"]
[Date "2000.12.25"]
[Round "8"]
[White "Sutovsky, Emil"]
[Black "Golod, Vitali"]
[Result "1/2-1/2"]
[WhiteElo "2609"]
[BlackElo "2590"]
[Annotator "Golod,V"]
[PlyCount "101"]
[EventDate "2000.12.17"]
[EventType "tourn"]
[EventRounds "11"]
[EventCountry "ISR"]
[EventCategory "11"]
[SourceTitle "CBM 081"]
[Source "ChessBase"]
[SourceDate "2001.03.20"]
[SourceVersion "1"]
[SourceVersionDate "2001.03.20"]
[SourceQuality "1"]

1. e4 e5 2. Nf3 Nc6 3. d4 exd4 4. Nxd4 Nf6 5. Nxc6 bxc6 6. Nd2 {[%mdl 4] After
two defeats in succession Emil chooses variant giving minimal advantage.} d5 7.
exd5 cxd5 8. Bb5+ Bd7 9. Bxd7+ Qxd7 10. O-O Be7 11. c4 {All these moves Emil
has made instantly.} (11. Nf3 $143 O-O 12. Bg5 c6 13. Re1 Rae8 14. c4 Qb7 15.
cxd5 cxd5 16. Qd4 Bd8 17. Be3 Ba5 18. Bd2 Bb6 19. Qd3 {1/2-1/2 Sutovskij,
E-Peng Xiaomin/Shenyang, 1999(19)}) 11... c6 $5 $146 ({Was checked in the
previous game:} 11... O-O $5 12. cxd5 Nxd5 13. Ne4 Rad8 14. Qf3 Rfe8 15. Rd1
Qe6 16. Bd2 Bf8 17. Re1 Qg6 {1/2-1/2 Sveshnikov,E-Morozevich,A/St. Petersburg,
1993(17)}) 12. cxd5 cxd5 13. Nf3 O-O 14. Be3 {[%cal Ge3d4,Yd4b2] +/=/=} Ne4 15.
Bd4 Bf6 {I have decided here to exchange of the bishops that white would be
are burdened with protection pawn "a2".} 16. Bxf6 Nxf6 17. Nd4 Qb7 ({Another
possibilities is:} 17... Rfb8 {/\a5,a4(קb2)}) 18. Qd3 $1 Ne4 $5 ({Impossibly:
} 18... Qxb2 $4 19. Rfb1 $18 {[%csl Rb2]}) ({Also it deserves attention:} 18...
Rfc8 $5) 19. b3 g6 {[%csl Rf5,Yg6][%cal Yg6f5] /\Rac8} (19... Rfc8 $6 20. Nf5
$36 {[%csl Rd5,Gf5,Rg8][%cal Gd3d5]}) 20. Rfd1 Qb6 $5 {[%csl Gb6,Ge4,Rf2]} (
20... Rac8 $143 21. f3 $14) 21. f3 Nc5 22. Qb5 Kg7 $5 {The important
preventive move.} ({Badly:} 22... Qxb5 $2 23. Nxb5 $16 {[%csl Rd5][%cal Gb5c7,
Gd1d5]}) ({and} 22... Ne6 $2 23. Qxb6 axb6 24. Nc6 $16 {[%csl Rd5][%cal Gc6e7,
Gd1d5]}) 23. Rac1 ({Leads to equality:} 23. b4 Ne6 24. Qxb6 axb6 25. a4 Rfc8
$11) ({and} 23. Qxb6 axb6 24. Nc6 Ra3 $5 $11) 23... Ne6 $1 24. Rc6 $140 $2 {
[%mdl 8192]} ({Loses right away:} 24. Qxd5 {because of:} Rad8 25. Qe5+ Kg8 26.
Rc4 (26. Rc6 Rxd4 27. Rxb6 Rxd1+ 28. Kf2 axb6 $19) 26... Rfe8 $19 {[%csl Rd4,
Re5][%cal Ge6d4]} (26... Rd6 $143 27. a4 {[%cal Ga4a5]})) (24. Qxb6 axb6 25.
Nxe6+ fxe6 26. a4 (26. Rc6 $6 Rxa2 $140 27. Rxe6 Rc8 $36 {[%csl Rg1][%cal
Gc8c2]}) 26... Rfc8 $11) (24. a4 $5 {An interesting idea which was mentioned
by Sutovsky,E after the game.} Qxb5 (24... Nxd4 $143 25. Qxb6 Nxf3+ (25... Ne2+
$143 26. Kf2 axb6 27. Kxe2 {[%csl Rb6,Rd5]}) 26. gxf3 axb6 27. Rxd5 $14 {
[%cal Gd5b5]}) 25. Nxb5 Rfd8 {+/=/=}) 24... Qxd4+ $1 (24... Qxb5 $6 25. Nxb5
Rfd8 26. Nd4 $14) 25. Rxd4 Nxd4 {[%csl Rb5,Rc6]} 26. Qxd5 Nxc6 27. Qxc6 $15 {
[%mdl 4096]} Rac8 $6 ({Can be recommended:} 27... a5 $5 {/\a4(קa2,b3)}) 28.
Qe4 Rfd8 29. h4 {[%cal Gh4h5]} h5 ({Dubious:} 29... Rd2 30. h5 $132) 30. Qe2
Rd5 (30... Kg8 $142 {/\a5,a4 and so on.}) 31. Kh2 Rcd8 32. Qe3 R8d7 33. Kg3 Rd2
34. a4 Kh7 35. b4 R2d4 {[%csl Ra4,Rb4]} 36. Qc3 R4d6 37. Qc8 a6 38. Qc5 Re6 39.
Qc8 Rd5 40. Qb7 Rf5 41. Qc7 ({Senselessly:} 41. b5 {in view of:} axb5 42. axb5
(42. a5 Rff6 43. Qxb5 Ra6 $17 {[%csl Ra5] =/+/-/+}) 42... Re1 {[%csl Rb5] =/+/
-/+}) 41... Kg7 42. Qc3+ Kh7 43. Qc7 Re1 44. Qd6 ({Again weakly:} 44. b5 {
because of:} axb5 45. axb5 (45. a5 Ra1 46. Qb6 b4 47. a6 b3 48. a7 b2 49. Qxb2
Rxa7 {=/+/-/+}) 45... Rb1 46. b6 Kg7 $1 {[%csl Rb6][%cal Gf5f6]} 47. Qc3+ Rf6
48. Kh2 Rbxb6 49. g4 {[%cal Gg4g5]} hxg4 50. fxg4 Kh7 {=/+/-/+}) 44... Rb1 $6 (
44... Re6 $142 45. Qc7 $15) 45. a5 $1 {[%csl Rb1,Rf5] Interaction black RR now
is broken.} Rb2 46. Kh3 Rb3 47. Kh2 Rb1 48. Kg3 $11 Rb5 (48... Kg7 $144 49.
Qd4+ Kh7 (49... Rf6 $4 50. Kh2 {[%csl Gd4,Rf6][%cal Gg2g4,Gg4g5]} Rb3 51. g4
Rbxf3 52. g5 Rf2+ 53. Kg3 R2f3+ 54. Kg2 Rf2+ 55. Qxf2 Rxf2+ 56. Kxf2 $18 {
[%csl Ga5,Gb4][%cal Gb4b5]}) 50. Qd6 $11) 49. Qd7 (49. Qxa6 $2 R5xb4 {[%csl
Ra5] =/+/-/+}) 49... Kg8 50. Qd8+ Kh7 51. Qd7 {[%csl Rf7]} 1/2-1/2

[Event "Namangan zt"]
[Site "Namangan"]
[Date "2000.??.??"]
[Round "?"]
[White "Kasimdzhanov, Rustam"]
[Black "Vladimirov, Yevgeniy"]
[Result "1-0"]
[WhiteElo "2614"]
[BlackElo "2586"]
[Annotator "Gutman,L"]
[PlyCount "87"]
[EventDate "2000.??.??"]
[EventType "swiss"]
[EventRounds "1"]
[EventCountry "UZB"]
[SourceTitle "CBM 082"]
[Source "ChessBase"]
[SourceDate "2001.05.17"]
[SourceVersion "1"]
[SourceVersionDate "2001.05.17"]
[SourceQuality "1"]

1. e4 e5 2. Nf3 Nc6 3. d4 exd4 4. Nxd4 Qh4 5. Nc3 Bb4 6. Be2 Nf6 7. O-O Bxc3 {
"Consistent, as Black wants to capture on e4 with the knight rather then the
queen. The problem is that the queen is always vulnerable to Nf5 anyway.",
Peter Wells; "The Scotch Game".} 8. Nf5 $1 {The most consequent reply!} (8.
bxc3 Nxd4 $1 9. cxd4 Nxe4 {is less consequent way to play, we see:} 10. Bd3 (
10. Ba3 d5 11. Qe1 Kd8 $5 ({not} 11... Be6 $2 12. Rb1 Nd6 13. Qc3 O-O-O 14. Ba6
bxa6 15. Qc6 Qxd4 16. Bxd6 Rxd6 17. Qa8+ Kd7 18. Qxh8 Bf5 19. Rb8 Kc6 20. Qe8+
Bd7 21. Qxf7 Rg6 22. Rb3 Qe4 23. Rc3+ Kd6 24. Qf8+ Qe7 25. Qf4+ Qe5 26. Qb4+ {
1:0 Fersec-Zelic, Pula 1999}) 12. c4 Re8 {with counterplay, Gutman}) 10... d5
11. Ba3 Nd6 (11... Be6 12. c4 O-O-O $5 13. Qa4 Kb8 {and Black is quite
comfortable, Gutman}) 12. Bb5+ Kf8 (12... Nxb5 13. Qe2+ Kd8 14. Qxb5 c6 15. Qb4
Qf6 16. Rfe1) 13. Qe1 Be6 14. Qc3 Qd8 15. f4 g6 16. Bd3 Kg7 17. f5 gxf5 18.
Bxd6 Qxd6 19. Bxf5 Rae8 20. Qh3 c6 {was about equal, Swathi-E.Vladimirov,
Sangli 2000.}) 8... Qxe4 9. Bd3 Qg4 ({Zwei weitere Möglichkeiten sind zu
prüfen: I)} 9... Qa4 10. Nxg7+ $1 Kf8 11. Bh6 Bxb2 ({or} 11... Ng8 12. Ne6+ Ke7
13. Bf8+ Kxe6 14. bxc3) 12. Re1 {and Black has no defence, Gutman}) ({II)} 9...
Qe5 10. bxc3 (10. Nxg7+ Kf8 11. Bh6 {is less convincing since 11. ...} Ng8 12.
Ne6+ Ke7 13. Bg7 dxe6 $1 14. Bxe5 Bxe5 15. c3 Nf6 {lives Black with three
minor pieces for the queen}) 10... Kf8 11. Rb1 d6 (11... a6 12. Re1 Qc5 13. Qf3
) 12. Rb5 Qe6 (12... Qxc3 13. Nxg7 Kxg7 14. Bb2) 13. Re1 Qxa2 14. Nxg7 {
, Gutman.}) 10. f3 Qa4 11. bxc3 {"The bishop pair and the excellent knight on
f5 obviosly give White good compensation. The full extent of Black's problems
is not at first evident.", Wells 11...} Kf8 (11... O-O {"is splattered by the
memorable combination", Wells:} 12. Nxg7 $1 Kxg7 ({Vlad-Dumitrasche, Tirgu
Mures 1992, went} 12... d6 13. Qd2 Qh4 14. g3 Qh3 15. Qg5 {1:0}) 13. Bh6+ Kg8 (
13... Kh8 14. Bxf8 d6 15. Qd2 Qh4 16. Bh6 Ng8 17. Bg5 Qa4 18. c4 Qa5 19. Qf4
Ne5 20. Bf6+ Nxf6 21. Qxf6+ Kg8 22. Qg5+ {1:0 Vukovic-Mozetic, Banja Vrucica
1991}) ({or} 13... Kxh6 14. Qd2+ Kh5 15. g4+ Nxg4 16. fxg4+ Qxg4+ 17. Kh1 {
, Kasimdzhanov}) 14. Qd2 (14. Qe1 {is also good, 14. ...} Nh5 15. f4 Qa3 16.
Qh4 Qc5+ 17. Kh1 Re8 18. f5 f6 19. Qxh5 Re7 20. Rf3 Kh8 21. Rg3 Qd5 22. Qh4 Qf7
23. Bc4 d5 24. Bxd5 Be6 25. fxe6 {and White won easily, Nimzo 98-Hiarcs 6,
computer game 1998}) 14... Qh4 15. Bg5 Qh5 16. Bxf6 Re8 17. g4 Qc5+ 18. Kh1 Re6
19. Qh6 Rxf6 20. Bxh7+ Kh8 21. Qxf6+ Kxh7 22. Qxf7+ {1:0 Fersec-Rupeni, Italy
1994.}) 12. Qe1 ({Nach} 12. Nxg7 Kxg7 13. Bh6+ Kxh6 14. Qd2+ Kg7 15. Qg5+ Kf8
16. Qh6+ Kg8 17. Qxf6 d6 18. Rae1 Bd7 19. f4 h5 20. Rf3 {verteidigt sich
Schwarz mit 20...} h4 ({Nicht ganz verlaesslich sieht die von Kasimdzhanov
angegebene Folge} 20... Bg4 21. Rg3 Qa5 22. h3 Qc5+ {im Hinblick auf} 23. Kf1
Rf8 24. hxg4 h4 25. Rge3 h3 26. Re8) 21. Ree3 Bg4 22. Rg3 hxg3 23. Rxg3 Rh5 24.
Rxg4+ Kf8 25. Rg7 Nd8 {aus.}) 12... Ne8 (12... d6 {erlaubt} 13. Nxg7 $1 Kxg7
14. Qg3+ Kf8 15. Bh6+ Ke7 16. Bg7 $1 ({ist praeziser als} 16. Rae1+ Be6 17.
Rxe6+ Kxe6 18. Re1+ Ne5 $1 19. f4 Rag8 20. Qh3+ {, Mat. Mueller-Schiffer, BL
1997/98, und nun 20...} Kd5 $1 21. c4+ Nxc4 22. Qf5+ Kc6 23. Qxf6 Qb4 {bot
sich an, Mat.Mueller}) 16... Be6 17. Qg5 Rhe8 18. Qxf6+ ({oder} 18. Bxf6+ {
, Kasimdzhanov}) 18... Kd7 19. Bxh7 {with a clear plus, Mat. Mueller.}) 13. Qg3
d6 (13... Qa5 {wird durch} 14. Rb1 $1 (14. Re1 d6 15. Nxg7 Nxg7 16. Bh6 Rg8 17.
Bxh7 Qh5) 14... d6 15. Rb5 Qa4 16. Nxg7 Nxg7 17. Bh6 {widerlegt.}) 14. Nxg7 Rg8
(14... Nxg7 15. Bh6 Rg8 16. Bxh7 Nd4 17. cxd4 Qxd4+ 18. Kh1 Rh8 19. Qg5 Be6 20.
Be4 {ist unerfreulich fuer Schwarz, Kasimdzhanov.}) 15. Bh6 Rxg7 16. Rae1 Ne5
17. f4 Nxd3 18. cxd3 Bf5 19. h3 $6 ({Ich halte} 19. Rxe8+ $1 Kxe8 20. Qxg7 {
fuer die beste Fortsetzung, auf Kasimdzhanovs 20...} Bxd3 21. Qf8+ Kd7 22. Qxa8
Bxf1 23. Kxf1 Qd1+ 24. Kf2 Qc2+ 25. Kg3 Qg6+ 26. Bg5 f6 {folgt} 27. Qxb7 fxg5
28. Qb5+ {mit gewonnenem Endspiel für Weiss.}) 19... Qb5 20. Rxe8+ (20. Rf3 Rc8
21. Rxe8+ Kxe8 22. Qxg7 Bxd3 23. Qf8+ Kd7 24. Qxf7+ Kc6 {und Weiss kommt nicht
weiter.}) 20... Kxe8 21. Qxg7 Bxd3 22. Re1+ Kd7 23. Qxf7+ Kc6 24. Kh2 ({
Laut Kasimdzhanov} 24. Re7 Rc8 25. Kh2 {war etwas genauer.}) 24... Bc4 $6 (
24... Bg6 25. Qf6 Qd5 {sollte zum Ausgleich fuehren, Kasimdzhanov.}) 25. Qxh7
Bxa2 26. Re7 Rc8 27. Qe4+ Kb6 $2 (27... Bd5 28. Qf5 Rd8 29. Bg5 {und Weiss
behaelt die Initiative, Kasidzhanov.}) 28. f5 Bd5 29. Qd4+ Kc6 30. f6 Rg8 31.
Bg7 Qf1 32. Qg4 Kb6 33. h4 $138 (33. f7 $1 Bxf7 34. Qb4+ Kc6 35. Qa4+ Kb6 36.
Bd4+ c5 37. Qb4+ {haette die Partie sofort entscheiden koennen, Kasimdzhanov.})
33... a5 34. h5 $2 (34. Qe2 $1 {war besser, Kasimdzhanov.}) 34... c5 $2 (34...
Qxf6 $1 {haette geschehen koennen, Kasimdzhanov.}) 35. h6 Qd3 36. f7 Bxf7 37.
Rxf7 Re8 38. Qd7 Qe4 39. Qxd6+ Kb5 40. Qd7+ Ka6 41. Qf5 Qh4+ 42. Qh3 Qe4 43. h7
a4 44. h8=Q 1-0

[Event "Linares Anibal op 08th"]
[Site "Linares"]
[Date "2001.01.12"]
[Round "5"]
[White "Reinaldo Castineira, Roi"]
[Black "Golod, Vitali"]
[Result "1-0"]
[WhiteElo "2442"]
[BlackElo "2591"]
[Annotator "Gutman,L"]
[PlyCount "57"]
[EventDate "2001.01.08"]
[EventType "swiss"]
[EventRounds "11"]
[EventCountry "ESP"]
[SourceTitle "CBM 082"]
[Source "ChessBase"]
[SourceDate "2001.05.17"]
[SourceVersion "1"]
[SourceVersionDate "2001.05.17"]
[SourceQuality "1"]

1. e4 e5 2. Nf3 Nc6 3. d4 exd4 4. Nxd4 Qh4 5. Nc3 Bb4 6. Be2 $5 {"The most
recent trend. By no means rejecting ideas of Ndb5, White would rather all but
force Black to accept his pawn offer (otherwise Black has made unnatural moves
without extracting any such concessions from his opponent) before setting his
knight on this commital course.", Peter Wells. The discovery of this pawn
sacrifice has significantly improved the reputation of the whole variation
with 5.Nc3. Formerly Black has been forced to rely upon 6. ...Qxe4!, because
if Black does not capture on e4, and most players tend not to, then Black
should have difficulties in equalising. 6. ...} Nge7 7. O-O (7. Ndb5 Ba5 8. g3
Qf6 $5 (8... Qxe4 9. O-O Qf5 10. Bf4 Ne5 {folgte in Ivanovic-Dimovska, TCh-Yug
Women Kragujevac 2000, wonach Weiss mit} 11. Nd5 $1 Nxd5 12. Qxd5 {antworten
sollte}) 9. O-O a6 {bereitet Schwarz keine Probleme.}) 7... O-O ({A new idea.
Alternatives are: I)} 7... a6 $2 8. Nf3 Qf6 9. Bg5 Qd6 10. Nd5 {leads to a
terrible position for Black, Turzo-Jonas, Zalakaros 1996}) ({II)} 7... Ba5 8.
Nf3 Qf6 9. Nd5 $1 Nxd5 10. exd5 Ne5 11. d6 $1 {also creates problems for Black,
Gutman.}) ({III)} 7... d6 8. Ndb5 Ba5 9. Nd5 Nxd5 10. exd5 Ne5 11. Qd4 $5 (11.
Bd2 $1 Bb6 12. Be3 Qd8 13. Bxb6 axb6 14. f4 {with White's pressure, Gutman})
11... Qxd4 12. Nxd4 O-O 13. h3 Re8 14. Be3 Bd7 15. a4 a6 16. c3 Ng6 17. Rfd1
Re5 18. Nf3 Re7 19. Bf1 Rae8 20. Nd2 Ne5 21. Bd4 Bb6 22. Bxb6 cxb6 23. f4 Ng6
24. Nc4 Bxa4 25. Rxa4 b5 26. Nxd6 bxa4 27. Nxe8 Rxe8 28. g3 {gave White a
clear advantage in Krstic-Zelic, Pula 1999}) ({IV)} 7... Bxc3 8. bxc3 Nxd4 9.
cxd4 $1 Qxe4 10. Re1 Qh4 11. Bd3 d5 12. Qe2 $1 ({After the less forceful} 12.
Rb1 O-O 13. Ba3 Re8 14. Qf3 Be6 15. c3 {, occured in P.Nielsen-Hector, Festuge
1991, 15. ...} Rab8 $1 {would have secured an edge for Black}) 12... Be6 13.
Qe5 Nc6 14. Qxg7 Qxd4 15. Qxd4 $5 ({Another method is} 15. Bb2 Qxg7 16. Bxg7
Rg8 17. Bf6 h6 18. f4 {, and White has a sufficient compensation for the pawn})
15... Nxd4 16. Bb2 c5 17. Bxd4 cxd4 18. Rab1 O-O-O 19. Rb4 {when the ending is
clearly better for White, Gutman.}) 8. Ndb5 (8. Nf3 Qf6 9. Nd5 {wird durch 9...
} Nxd5 10. exd5 Ne5 {erkräftet.}) 8... Ba5 9. Nd5 Nxd5 10. exd5 Ne5 11. f4 Bb6+
(11... a6 12. Nd4 Ng6 13. f5 Bb6 14. c3 Ne5 ({oder} 14... Ne7 15. f6 Nxd5 16.
fxg7 Re8 17. Bc4) 15. f6 d6 16. Rf4 Qg5 17. Kh1 Ng6 18. fxg7 Re8 19. Rf5 (19.
Re4 $5 {kommt in Betracht}) 19... Qe7 20. Bg5 f6 21. Bxf6 Qe3 22. Bg5 Qxe2 23.
Nxe2 Bxf5 24. Ng3 Be4 25. Nh5 {1:0 Slaby-Krysztofiak, Kazimierz Dolny 2001})
12. Kh1 Ng6 13. f5 Ne5 14. d6 (14. f6 {ist auch hier zu überlegen.}) 14... c6
15. Rf4 Qd8 16. Nc3 {Die Lage des Schwarzen ist prekär. 16...} Re8 17. Ne4 a5
18. Qe1 f6 19. Qg3 a4 20. Rh4 Ra5 21. Bh6 g6 22. fxg6 hxg6 23. Bc4+ Re6 24. Bf4
Kg7 25. Qh3 Qg8 26. Bh6+ Kf7 27. Nxf6 Nxc4 28. Nxg8 Rae5 29. Rf1+ 1-0

[Event "Antwerp"]
[Site "Antwerp"]
[Date "1993.??.??"]
[Round "9"]
[White "Van der Wiel, John"]
[Black "Winants, Luc"]
[Result "1-0"]
[WhiteElo "2565"]
[BlackElo "2490"]
[Annotator "Hansen,Cu"]
[PlyCount "113"]
[EventDate "1993.08.??"]
[EventType "tourn"]
[EventRounds "9"]
[EventCountry "BEL"]
[EventCategory "13"]
[SourceTitle "CBM 037"]
[Source "ChessBase"]
[SourceDate "1993.12.01"]
[SourceVersion "1"]
[SourceVersionDate "1993.12.01"]
[SourceQuality "1"]

1. e4 e5 2. Nf3 Nc6 3. d4 exd4 4. Nxd4 Bc5 5. Nb3 Bb6 6. a4 a6 7. Nc3 d6 (7...
Qf6 8. Qe2 Nge7 9. Nd5 (9. h4 Nd4 10. Nxd4 Bxd4 11. Nd5 Nxd5 12. exd5+ Qe7 $10
{Schurmans-Dominguez/Thessaloniki/1988/}) 9... Nxd5 10. exd5+ Ne7 11. a5 Ba7
12. h4 d6 (12... h6 13. Ra4 {Hultquist,T-Vikstrom,B/corr/1979/} (13. Bd2 Qxb2 (
13... d6 14. Bc3 Qf4 15. g3 Qg4 16. Qxg4 Bxg4 17. Bxg7 $16 {Hertel,P-Bruckel/
corr/1988/}) 14. Rh3 Qxc2 15. Rc1 Qf5 16. Rc4 Kd8 17. d6 $13 {Seul,G-Daehr,C/
BL/1983/}) 13... Kd8 (13... O-O 14. g4 Qd6 15. g5 $13 {Spitzner,F-Krustkalns/
corr/1988/}) 14. Rf4 (14. g4 Re8 15. Re4 Qg6 16. Bg2 f5 $13 {Hultquist,
T-Vikstrom,B/corr/1977/}) 14... Qd6 15. c4 Qb4+ 16. Qd2 Qxd2+ 17. Bxd2 f6 18.
Rh3 $16 {Olthof,R-Sluyts,F/corr/1984/}) (12... Qd6 13. Ra4 Kd8 14. Re4 Nxd5 15.
Rh3 $16 {Welz,P-Hentzgen,corr/1983/ + Buisman,A-Valdivia,M/corr/1987/}) 13. Ra4
O-O (13... Qf5 14. Re4 Bxf2+ 15. Kd1 Qxd5+ 16. Nd2 Bf5 17. c4 Qc5 18. Rxe7+ Kd8
19. Re4 Bxe4 20. Nxe4 Qd4+ 21. Kc2 Re8 22. Qxf2 Qxe4+ 23. Bd3 $16 {Stoica,
V-Orlovski,R/Polska/1970/}) 14. Rf4 Nf5 15. g4 Bd7 16. gxf5 Rfe8 17. Be3 Qxb2 {
Estrin,Y-Uusi,G/Leningrad/1954/}) 8. Nd5 (8. Be2 Qh4 9. O-O Nf6 10. a5 Ng4 11.
Bxg4 Bxg4 12. Qd2 Ba7 13. Nd5 O-O-O $15 {Costa,F-Bezzola,P/corr/1986/}) (8. Qe2
Nd4 9. Nxd4 Bxd4 10. Nd5 c6 11. c3 Ba7 12. Ne3 Nf6 13. Nc4 O-O 14. Bg5 h6 15.
Bxf6 Qxf6 $15 {Jacubovics,N-Westerinen,H/Gausdal Troll/1992/}) (8. Qf3 Be6 9.
Nd5 Ne5 10. Qg3 Bxd5 11. exd5 Qe7 12. Be2 Nf6 13. Bg5 h6 14. Bxf6 Qxf6 15. O-O
{0,5/Fehrig,A-Pokern,N/BL/1981/}) (8. a5 Ba7 9. Be2 Nge7 10. O-O O-O 11. Nd5
Nxd5 12. exd5 Ne7 13. Re1 Bd7 14. Bf1 Ng6 $10 {Ljubojevic,L-Dzindzichashvili/
Tilburg/1985/}) (8. Bd3 h6 9. O-O Nge7 10. Kh1 O-O 11. f4 f5 $10 {Radakov,
K-Zupe,M/Cetinje tt/1990/}) 8... Ba7 9. Be3 (9. Qe2 Nge7 10. Bg5 O-O 11. O-O-O
f6 12. Be3 (12. Bh4 Be6 13. f4 Qd7 14. h3 Rae8 $15 {Schwertel,G-Lizan,L/corr/
1982/}) 12... Be6 13. Bxa7 Rxa7 14. Nd4 Nxd4 15. Nxe7+ Qxe7 16. Rxd4 Raa8 $15 {
Furmston,M-Hamarat,T/corr/1979/}) (9. Be2 Nf6 10. O-O Nxd5 11. exd5 Ne5 12. Nd4
O-O $10 {Pfleger,H-Keres,P/Tallin/1973/}) 9... Bxe3 10. Nxe3 Nf6 11. Bd3 O-O (
11... d5 $5) 12. O-O Re8 13. f3 Be6 {/\Bxb3//\d5 =} 14. c4 a5 (14... Nd7 $5 $13
) 15. Rf2 Qb8 $6 {/\Qa7 /^a7-g1} (15... Nd7 $5 {/\Nc5, ><d4,><b4}) 16. Rc1 Qa7
$6 17. Nd5 $1 $14 Bxd5 $8 18. cxd5 Nb4 19. Bb5 (19. Rxc7 $6 Nfxd5 20. exd5 $2
Nxd3 21. Qxd3 Re1+ $19) 19... Rec8 {/\c7-c6} 20. Qd4 Qxd4 21. Nxd4 Kf8 22. g4 {
()} h6 23. h4 g6 24. Rc3 Ke7 25. h5 $1 $16 Na2 (25... gxh5 26. Nf5+ Kf8 27.
Nxh6 {/\g4-g5} hxg4 28. fxg4 $16 {><f7}) 26. Rc4 Nd7 27. hxg6 fxg6 28. Rh2 Ne5
29. Rxh6 $5 Nxc4 30. Rh7+ Kf8 $2 (30... Kf6 $8 31. Bxc4 (31. f4 g5) 31... Nb4
32. f4 (32. Ne6 c6 $13) 32... g5 $13 33. e5+ (33. Nf3 gxf4 34. g5+ Kg6 $15)
33... Kg6 (33... dxe5 34. Rh6+ $18) 34. Rd7 gxf4 35. e6 $13) 31. Ne6+ Kg8 32.
Rg7+ Kh8 33. Bxc4 Nb4 34. Rxg6 $18 c6 35. g5 cxd5 36. Bxd5 Nxd5 37. exd5 Rc2
38. Rf6 {/\g6-g7,Rf8} Rxb2 39. g6 Rg8 40. f4 {/\f4-f5,Rf7} Rb4 41. f5 Rxa4 42.
Rf7 Rh4 43. Rxb7 a4 44. Ra7 {/\Kg1-g2-g3-g4-g5} Rb8 45. Kg2 Rc4 46. Rh7+ Kg8
47. Rg7+ Kh8 48. Rh7+ Kg8 49. Rg7+ Kh8 50. Rf7 {/\51.Rf8+ Rxf8 52.g7+} Kg8 51.
Kf3 {/\f6} a3 52. Rg7+ Kh8 53. Rh7+ Kg8 54. Rg7+ Kh8 55. Rh7+ Kg8 56. f6 {/\f7#
} Rc3+ 57. Kg4 {Hansen,Cu} (57. Kg4 Rb4+ 58. Nf4 {/\f7+}) 1-0

[Event "Vidmar Memorial"]
[Site "Portoroz"]
[Date "1993.??.??"]
[Round "?"]
[White "Grosar, Aljosa"]
[Black "Gabriel, Christian"]
[Result "1/2-1/2"]
[WhiteElo "2480"]
[BlackElo "2510"]
[Annotator "Hansen,Cu"]
[PlyCount "134"]
[EventDate "1993.06.??"]
[EventType "tourn"]
[EventRounds "11"]
[EventCountry "SLO"]
[EventCategory "12"]
[SourceTitle "CBM 037"]
[Source "ChessBase"]
[SourceDate "1993.12.01"]
[SourceVersion "1"]
[SourceVersionDate "1993.12.01"]
[SourceQuality "1"]

1. e4 e5 2. Nf3 Nc6 3. d4 exd4 4. Nxd4 Nf6 5. Nxc6 bxc6 6. e5 Qe7 7. Qe2 Nd5 8.
c4 Qb4+ 9. Nd2 Nf4 10. Qe4 (10. Qe3 Ne6 11. Bd3 Qb6 12. Qg3 d5 $6 13. O-O a5
14. Kh1 h5 15. h4 g6 16. Nf3 $1 $36 {Smagin,S-Murey,Y/Wien op/1991/}) 10... Ne6
11. Be2 (11. g3 Bb7 12. Bg2 O-O-O 13. a3 Qb6 14. O-O Qd4 15. Qe2 Ba6 16. Rb1
Nc5 17. b3 Re8 18. Bb2 Qd3 19. Qd1 h5 20. b4 $16 {Pasman,M-Shvidler,E/Beer
Sheva/1984/}) (11. f4 Bb7 12. a3 (12. f5 c5 13. Qg4 Nd4 14. Bd3 O-O-O 15. O-O
f6 $13 {Bojkovic,S-Baretic,D/Novi Sad/1975/}) 12... Qb6 13. Nf3 c5 14. Qd3 Nd4
$15 {Valbrodt,A-Marco,G/Hastings/1895/}) 11... Bb7 12. O-O (12. a3 Qb6 13. O-O
(13. Nf3 c5 14. Qc2 Be7 15. O-O {0,5/Svesnikov,E-Geller,E/Sochi/1984/}) 13...
c5 14. Qe3 Be7 15. f4 Nd4 16. Bd3 Qh6 17. b4 O-O 18. Rb1 $14 {Estrin,Y-Zinser,
M/Moskva/1968/}) 12... c5 13. Qe3 Nd4 14. Bd3 {ףb4} Qb6 15. Rb1 (15. b3 $5 {
/\Bb2}) 15... Be7 16. f4 O-O-O (16... O-O $6 17. f5 $40) 17. Be4 (17. f5 f6
$132) 17... f5 18. Bxb7+ Qxb7 19. Nf3 (19. b4 $5 $14) 19... Nxf3+ (19... Qe4
20. Bd2 Nxf3+ (20... Qxe3+ 21. Bxe3 Nxf3+ 22. Rxf3 Kb7 23. Bf2 Rb8 $14) (20...
d5 $5 $13) 21. Qxf3 d5 22. exd6 Qxf3 23. Rxf3 Bf6 $10) 20. Rxf3 Rhe8 21. Qa3 {
/\Bd2,b4 ->} (21. Bd2 $5) 21... d6 (21... Qe4 $2 22. Re3 Qxb1 23. Qa6+ $18) 22.
Qa4 {><d1,><c6} (22. Rb3 $2 Qe4 23. Re3 Qxc4 (23... Qxb1 24. Qa6+ $18) 24. Qxa7
dxe5 $17) 22... Bh4 $6 (22... Qe4 $2 23. Re3 $1 Qxb1 24. Qa6+ $18) (22... dxe5
23. fxe5 Qe4 $2 24. Re3 $13) (22... Bf8 $5 {/\dxe5, - ץc1,צb1} 23. Rb3 (23.
Be3 dxe5 $17) 23... Qe4 24. Qa6+ Kd7 $17) 23. Be3 (23. Bd2 $6 dxe5 24. Rb3 Qe4
25. Qa6+ Kd7 26. Rd1 Qd4+ 27. Kh1 exf4 $17) 23... Re6 {/\dxe5} (23... dxe5 24.
Bxc5 $16) 24. Rh3 Be7 25. Qc2 (25. Rxh7 dxe5 $15 {/\Qe4} (25... Qe4 26. Qa6+
Kb8 27. Re1 $14)) 25... g6 (25... dxe5 26. Qxf5 $16) 26. Rxh7 dxe5 27. fxe5
Rxe5 28. Bf4 Qe4 $1 $15 (28... Re6 29. b3 $13) (28... Re4 29. Rf1 Rdd4 $6 30.
b3 $14) 29. Qxe4 Rxe4 30. Rf1 (30. Rxe7 $2 Rxe7 31. Bg5 Re2 $17) 30... Bd6 $1
31. Bxd6 Rxd6 {/\Rd2//\Rxc4 - עg1} 32. h4 Rxc4 (32... Rd2 33. h5 gxh5 34. Rxf5
$10 {/\Rxc5/Rf7}) 33. h5 gxh5 (33... Rc2 $5 34. hxg6 (34. h6 Rdd2 $17) 34...
Rxg6 35. Rxf5 (35. Rf2 Rxf2 36. Kxf2 Ra6 $17) 35... Rgxg2+ 36. Kf1 Rgd2 (36...
Rh2 37. Rxh2 Rxh2 38. Rf2 Rxf2+ 39. Kxf2 Kd7 40. Ke3 Ke6 41. Kd3 Kd5 42. b3 $10
) (36... Kb7 37. Rff7 $10) 37. Ke1 Rd6 38. Rff7 Rc6 39. Rf2 Rxf2 40. Kxf2 Ra6
$15) 34. Rxh5 Rd2 35. Rfxf5 Rcc2 (35... Rxb2 36. Rxc5 Rxc5 37. Rxc5 Rxa2 $15)
36. Rhg5 c4 (36... Rxb2 37. Rxc5 Rxa2 38. Rg7 Rd7 $15) 37. Rc5 Rxb2 38. Rxc4
Rxa2 39. Rg8+ Rd8 40. Rg5 Rd6 41. Rg7 Rd7 42. Rg6 a5 $15 43. Rg5 a4 44. Ra5
Rd1+ 45. Kh2 Rdd2 46. Rg4 Kb7 47. Kh3 (47. Raxa4 $2 Rxg2+ $19) 47... Rd3+ 48.
g3 a3 49. Rga4 Rc3 50. Rb4+ Kc6 51. Rba4 Ra1 52. Kg2 Rb3 53. Kh2 Kb6 54. Ra6+
Kc5 55. R6a5+ Kc6 56. Kg2 Rd3 57. Ra7 Kd6 58. Ra8 Rc3 59. Rd8+ Kc5 60. Rda8 c6
61. R8a5+ Kd6 62. Rg5 Rd1 63. Kh3 Rd5 64. Rg8 Kc7 65. Kh4 Rdd3 66. g4 Rh3+ 67.
Kg5 Rc5+ {Hansen,Cu} 1/2-1/2